Città attraversate da grandi fiumi - Europa occidentale - Statistics

Statistiche generali
  • Questo quiz è stato fatto 73 volte
  • Il punteggio medio è 18 su 28
Statistiche sulle risposte
CIttà Fiume % Corretto
Parigi (Francia) Senna (777 km)
100%
Le Havre (Francia) Senna (777 km)
100%
Oxford (Regno Unito) Tamigi (346 km)
98%
Londra (Regno Unito) Tamigi (346 km)
98%
Orléans (Francia) Loira (1020 km)
88%
Tours (Francia) Loira (1020 km)
88%
Nantes (Francia) Loira (1020 km)
88%
Strasburgo (Francia) Reno (1326 km)
86%
Rotterdam (Paesi Bassi) Reno (1326 km)
86%
Lisbona (Portogallo) Tago (1008 km)
81%
Toledo (Spagna) Tago (1008 km)
81%
Avignone (Francia) Rodano (812 km)
79%
Lione (Francia) Rodano (812 km)
79%
Saragozza (Spagna) Ebro (930 km)
67%
Cordova (Spagna) Guadalquivir (722 km)
60%
Siviglia (Spagna) Guadalquivir (722 km)
60%
Liegi (Belgio) Mosa (950 km)
58%
Maastricht (Paesi Bassi) Mosa (950 km)
58%
Tolosa (Francia) Garonna (647 km)
53%
Bordeaux (Francia) Garonna (647 km)
53%
Porto (Portogallo) Duero (895 km)
51%
Newcastle (Regno Unito) Tyne (100 km)
44%
Worcester (Regno Unito) Severn (354 km)
30%
Amsterdam (Paesi Bassi) Amstel (31 km)
28%
Dublino (Irlanda) Liffey (125 km)
26%
Gand (Belgio) Schelda (350 km)
26%
Anversa (Belgio) Schelda (350 km)
26%
Limerick (Irlanda) Shannon (368 km)
23%
Nessun quiz corrispondente trovato
Distribuzione punteggi
Percentuale di utenti per punteggio
Percentile per numero di risposta
I tuoi punteggi nel tempo
Non hai fatto questo quiz